000 00896cam a2200241 4500
001 WB3643-02
008 000000n2000 000 0 eng u
035 _a(Sirsi) u109103
245 _aPoll shames builders
260 _c2000
490 _aBuilding Design
_v27 October 2000, 7(1)
520 _aA new annual nationwide survey of people who had bought new homes could force house builders to raise standards. The MORI survey, for the Housing Forum and DETR, polled more than 10,000 people and rated builders on criteria such as quality of design, construction, value for money, layout and internal finish.
590 _aWB
650 _aBUILDING STANDARDS
650 _aNEW HOUSES
650 _aCUSTOMER SATISFACTION
650 _aHOUSING DESIGN
650 _aPERFORMANCE
650 _aSURVEYS
650 _aMORI
690 _aBUILT ENVIRONMENT-CONSTRUCTION DESIGN
942 _n0
999 _c65146
_d65146